000 00263nam a2200133Ia 4500
100 _aColvin & Hass
942 _cBK
654 _aFixtures
245 _aJigs & Fixtures
260 _bMc Graw Hill
_c2001
082 _a621.9
300 _a410
546 _aENGLISH
999 _c32694
_d32694